| 000 | 00966nas a2200289 4500 | ||
|---|---|---|---|
| 001 | BR2019000158 | ||
| 003 | BR-BrBNA | ||
| 005 | 20231205131540.0 | ||
| 007 | ta | ||
| 008 | 230509b bl.|||p| |||| 00| 00por d | ||
| 040 |
_aBR-BrBNA _bpor _cBiblioteca Nacional de Agricultura |
||
| 041 | _a(En) | ||
| 072 | _aN20; T10 | ||
| 100 | 1 | _aGonçalves, L.M. | |
| 100 | 1 | _aFerraz, G.A. e S. | |
| 100 | 1 | _aOliveira, M.S. de | |
| 100 | 1 | _aBarbosa, B.D.S. | |
| 100 | 1 | _aSilva, C.J. da | |
| 100 | 1 | _aFerraz, P.F.P. | |
| 245 | 1 | _aCharacterization of noise emitted by a power tiller through geostatistics | |
| 650 | _aMECANIZAÇÃO AGRÍCOLA | ||
| 650 | _aERGONOMIA | ||
| 773 | 0 |
_tRevista Brasileira de Engenharia Agrícola e Ambiental (Brazil) _xISSN 1807-1929 _g(Mar 2019), v. 23(3) p. 223-228 _wBR2019000158 |
|
| 856 | 4 | 0 | _uhttp://www.scielo.br/pdf/rbeaa/v23n3/1415-4366-rbeaa-23-03-0223.pdf |
| 909 |
_a202311 _bLúcia _c55 _dLúcia Elande |
||
| 942 |
_2AGRIS _n0 _cANA |
||
| 999 |
_c255396 _d255396 |
||